000 00680nam0a22002291 4500
001 rc\750949
005 20250622120629.0
035 _a(NLR Aleph) 006279511
090 _a7034531
_c7034531
100 _a20040301d1985 |||y0rusy50 ca
101 0 _arus
102 _aRU
105 _ay |||||||||
200 1 _aПрикосновение
_eРоман
_fГеоргий Черкесов
_g[Худож. Д. Цирин]
210 _aМ.
_cСов. писатель
_d1985
215 _a288 с.
_d20
700 1 _aЧеркесов
_bГ.Е.
_gГеоргий Ефимович
801 0 _aRU
_bNLR
_gpsbo
801 1 _aRU
_bELAR
_2rusmarc
852 _aNLR
_j85-3/6998
942 _cBOOK
980 _aNB